Statistics for Oktoberfest Quiz

Click here to take the quiz!

General Stats

  • This quiz has been taken 48 times
  • The average score is 6 of 16

Answer Stats

HintAnswer% Correct
Alcohol which is most consumedBeer
96%
Country where it is heldGermany
94%
City where it takes placeMunich
87%
State where the city is locatedBavaria
72%
DurationAround 2 weeks
60%
Approximate amount of visitors in 2013 (in millions)6
47%
King with whom the festival is associated withKing Ludwig I
38%
Held since1810
30%
Approximate amount of beer consumed in 2013 (in millions)7
26%
The festival is often simply calledWiesn
21%
Last day of the festivalFirst Sunday of October
21%
Approximate number of toilets in 20052000
13%
The hat is made ofGoat hair
6%
Statue overlooking the festivitiesStatue of Bavaria
2%
Main cause for cancellation during the yearsCholera
2%
A hat traditionally worn at the festivalTirolerhüte
2%

Score Distribution

Percentile by Number Answered

Percent of People with Each Score

Your Score History

You have not taken this quiz